| 000 | 00420 a2200157 4500 | ||
|---|---|---|---|
| 001 | 57693 | ||
| 020 | _a | ||
| 040 | _cAnchieta - Pituba | ||
| 100 | _aWepman, Dennis | ||
| 240 | 1 | 0 |
_aSimón Bolívar _lpor |
| 245 | 1 | 0 | _aSimón Bolívar |
| 300 | _a95 | ||
| 362 | 0 | _a1987 | |
| 650 | 4 | _aPessoas em literatura, história, biografia, genealogia (incluindo historiadores, escritores e críticos da literatura) | |
| 942 | _cBK | ||
| 999 |
_c57693 _d57693 |
||